| 000 | 00412pab a2200157 454500 | ||
|---|---|---|---|
| 008 | 180718b1986 xxu||||| |||| 00| 0 eng d | ||
| 100 | _aLangford, John W. | ||
| 245 |
_aFear and ferment _bPublic sector management today |
||
| 260 | _c1986 | ||
| 300 | _a511-27 | ||
| 362 | _aWinter | ||
| 650 | _aGovernment Enterprise | ||
| 700 | _aKenneth J. Huffman | ||
| 773 | _aCanadian Public Administration | ||
| 909 | _a9154 | ||
| 999 |
_c9154 _d9154 |
||